| 000 | 02478nam0a2200385 4500 | ||
|---|---|---|---|
| 001 | RU\NLR\bibl\1953027 | ||
| 005 | 20250616204308.0 | ||
| 010 |
_a9-785-98187-644-8 _9500 |
||
| 035 | _a(nilc)LIBNET\0000214997 | ||
| 035 | _a(NLR Aleph) 001942144 | ||
| 090 |
_a3580212 _c3580212 |
||
| 100 | _a20120301d2010 |||y0rusy50 ca | ||
| 101 | 0 | _arus | |
| 102 | _aRU | ||
| 105 | _aa ||||||||| | ||
| 200 | 1 |
_aОсновы гидроакустики и использования гидрографических сонаров _eучебное пособие _eдля студентов (курсантов) высших учебных заведений, обучающихся по специальности 180401 "Гидрография и навигационное обеспечение судоходства" _fЮ.Г. Фирсов _gФедер. гос. образоват. учреждение высш. проф. образования Гос. мор. акад. им. адм. С.О. Макарова, Аркт. фак. |
|
| 210 |
_aСанкт-Петербург _cНестор-История _d2010 |
||
| 215 |
_a346, [1] с. _cил., цв. ил. _d24 |
||
| 300 | _aНа 4-й с. обл. авт.: Фирсов Ю. Г. - к.т.н., доц. | ||
| 320 | _aБиблиогр.: с. 327-330 (70 назв.) и в тексте прил. | ||
| 606 | 1 |
_aГидроакустика _jУчебные издания для высших учебных заведений _9917588 _3RU\NLR\auth\6616714 |
|
| 606 | 1 |
_aГидрография _jУчебные издания для высших учебных заведений _9941894 _3RU\NLR\auth\6629976 |
|
| 606 | 1 |
_aГидролокаторы _jУчебные издания для высших учебных заведений _xПрименение в морской гидрографии _92120209 _3RU\NLR\auth\661584022 |
|
| 606 | 1 |
_aГидролокация _jУчебные издания для высших учебных заведений _91425444 _3RU\NLR\auth\66290708 |
|
| 686 |
_a39.471.8я73 _vLBC/RL _2rubbk |
||
| 686 |
_a26.221.0я73 _vLBC/RL _2rubbk |
||
| 686 | _aЗ875я73-1 | ||
| 686 | _aД221.01с5я73 | ||
| 700 | 1 |
_aФирсов _bЮ. Г. _f1950- _gЮрий Георгиевич _4070 |
|
| 801 | 0 |
_aRU _bМурманская ГОУНБ _c20120301 _grcr |
|
| 801 | 1 |
_aRU _bМурманская ГОУНБ _c20120301 _grcr _2rusmarc |
|
| 801 | 2 |
_aRU _bNLR _c20120606 _grcr |
|
| 942 | _cBOOK | ||
| 980 | _aNB | ||